000 00287nam a22001097a 4500
008 160420b xxu||||| |||| 00| 0 eng d
020 _a9780323053532
041 _aeng
080 _a618.2
245 1 0 _aEssentials pediatric nursing:
_cMarilyn J. Hockenberry; David Wilson;
942 _2udc
_cBK
999 _c1452
_d1452